A carregar...

Wildlife biodiversity conservation

Detalhes bibliográficos
Autor principal: Mallapureddi Vikram Reddy
Formato: Printed Book
Idioma:Undetermined
Publicado em: Delhi Daya Publishing house 2008
Assuntos:
LEADER 00827nam a2200265Ia 4500
008 141004s9999 xx 000 0 und d
020 |a 978 81 7035 529 8 
040 |c a 
041 |a English 
082 |a 590 
082 |b VIK/WI 
100 |a Mallapureddi Vikram Reddy 
245 |a Wildlife biodiversity conservation 
245 |c Mallapureddi Vikram Reddy 
260 |a Delhi 
260 |b Daya Publishing house 
260 |c 2008 
300 |a 390 p.  
300 |b 24 cm 
365 |a Rs.1800  
501 |a 8B1,2&3  
650 |a Biodiversity conservation 
942 |c BK 
999 |c 174251  |d 174251 
952 |0 0  |1 0  |2 ddc  |4 0  |6 591_600000000000000_VIK_WI  |7 0  |8 WIL  |9 179264  |a KAUCOF  |b KAUCOF  |g 1800.00  |o 591.6 VIK/WI  |p KAU_COF-4996  |r 2014-10-04  |w 2014-10-04  |y BK